Применяйте новые стратегии производства экологически чистых топлив; Нефтегазовые технологии; № 4

Opis bibliograficzny
Parent link:Нефтегазовые технологии: научно-технический журнал/ World Oil ; Pipe Line Industry ; Gulf Publishing Company.— , 1994-.— 0202-4578
№ 4.— 2004.— С. 58-59
1. autor: Браютигэм Д. Р.
Kolejni autorzy: Мак-Мартин К.
Język:rosyjski
Wydane: 2004
Seria:Переработка углеводородов
Hasła przedmiotowe:
Format: Rozdział
KOHA link:https://koha.lib.tpu.ru/cgi-bin/koha/opac-detail.pl?biblionumber=401782

MARC

LEADER 00000naa2a2200000 4500
001 401782
005 20231101065621.0
035 |a (RuTPU)RU\TPU\prd\46102 
090 |a 401782 
100 |a 20060913a2004 k y0rusy50 ca 
101 0 |a rus 
102 |a RU 
200 1 |a Применяйте новые стратегии производства экологически чистых топлив  |f Д. Р. Браютигэм, К. Мак-Мартин 
225 1 |a Переработка углеводородов 
461 0 |0 (RuTPU)RU\TPU\prd\1175  |x 0202-4578  |t Нефтегазовые технологии  |o научно-технический журнал  |f World Oil ; Pipe Line Industry ; Gulf Publishing Company  |d 1994- 
463 0 |0 (RuTPU)RU\TPU\prd\27456  |t № 4  |v С. 58-59  |d 2004 
610 1 |a экологически чистое топливо 
610 1 |a производство 
610 1 |a кредиты 
610 1 |a предоставление 
610 1 |a распределение средств 
610 1 |a малосернистое топливо 
610 1 |a эффективность бизнеса 
700 1 |a Браютигэм  |b Д. Р. 
701 1 |a Мак-Мартин  |b К. 
801 1 |a RU  |b 63413507  |c 20060913  |g PSBO 
801 2 |a RU  |b 63413507  |c 20150120  |g RCR 
942 |c BK